| 000 | 01308cam a22002895a 4500 | ||
|---|---|---|---|
| 001 | L159479 | ||
| 008 | 170801s2016 xxk f 000 0 eng d | ||
| 020 | _a9781848064485 | ||
| 035 | _a(Sirsi) u159479 | ||
| 041 | _aeng | ||
| 050 | _a693.82 | ||
| 100 | _aKoo, Sung-han | ||
| 245 |
_aExternal fire spread _bsupplementary guidance to BR 187 incorporating probabilistic and time-based approaches |
||
| 260 |
_aWatford _bBRE _c2016 |
||
| 300 |
_a12p. _bill. _c30cm. |
||
| 490 |
_aBRE Information Paper _v (IP 3/16) |
||
| 520 | _aReviews existing fire compartment temperature calculation methods and presents methodologies for assessing the sensitivity of the parametric approach to variations in fire load, window size and insulation of compartment boundaries. Analyses on how these changes affect the building separation distances are summarised. In addition to the current 'steady state' assumption inherent in BR 187, probabilistic and time-based approaches are also considered. | ||
| 650 | _aAGGREGATE NOTIONAL AREAS | ||
| 650 | _aENCLOSING RECTANGLES | ||
| 650 | _aFIRE RESEARCH STATION | ||
| 650 | _aFIRE SPREAD | ||
| 650 | _aHEAT RADIATION | ||
| 650 | _aSPACE SEPARATION | ||
| 651 | 4 | _aENGLAND AND WALES | |
| 690 | _aBUILT ENVIRONMENT-BUILDING STANDARDS-FIRE REGULATIONS | ||
| 942 | _n0 | ||
| 999 |
_c115939 _d115939 |
||